00332nam a2200133Ia 4500008004100000020001500041041001200056082001600068100002000084245004500104260002500149300000800174650001600182221030s9999 xx 000 0 und d a0074600559 aEnglish a105.23bBal aE. Balagurusamy 0aProgramming in Basiccby E. Balagurusamy bTMHaNew Delhic2003 a317 aBE Computer